[Event "PRO League Stage"]
[Site "Chess.com INT"]
[Date "2019.02.14"]
[Round "6"]
[White "Iturrizaga Bonelli, Eduardo"]
[Black "Brattain, Mika A"]
[Result "1-0"]
[WhiteElo "2637"]
[BlackElo "2411"]
[PlyCount "63"]
[EventDate "2019.01.08"]
[EventType "team-swiss (rapid)"]
[EventRounds "10"]
[EventCountry "USA"]
[SourceTitle "CBM 189 Extra"]
[Source "ChessBase"]
[SourceDate "2019.06.03"]
[SourceVersion "1"]
[SourceVersionDate "2019.06.03"]
[SourceQuality "1"]
[WhiteTeam "Miami Champions"]
[BlackTeam "Pittsburgh Pawngrabbers"]
[WhiteTeamCountry "USA"]
[BlackTeamCountry "USA"]

1. Nf3 Nf6 2. c4 g6 3. Nc3 Bg7 4. g3 0-0 5. Bg2 d6 6. d4 Nc6 7. 0-0 a6 8. Bf4 Rb8 9. Rc1 h6 10. d5 e5 11. dxe6 Bxe6 12. b3 Qd7 13. Qd2 g5 14. Be3 Ng4 15. Bd4 Nge5 16. Nxe5 dxe5 17. Be3 Qxd2 18. Bxd2 Rfd8 19. Rcd1 Ne7 20. Bc1 f5 21. Rxd8+ Rxd8 22. Bxb7 e4 23. Nd5 Nxd5 24. cxd5 Bf7 25. Ba3 Bf8 26. Bxf8 Kxf8 27. Rc1 Rd7 28. Rc5 Ke7 29. b4 Kd6 30. a4 Ke5 31. a5 Bxd5 32. b5 1-0

[Event "PRO League Stage"]
[Site "Chess.com INT"]
[Date "2019.02.14"]
[Round "6"]
[White "Wang, Tianqi"]
[Black "Brattain, Mika A"]
[Result "1-0"]
[WhiteElo "2329"]
[BlackElo "2411"]
[PlyCount "77"]
[EventDate "2019.01.08"]
[EventType "team-swiss (rapid)"]
[EventRounds "10"]
[EventCountry "USA"]
[SourceTitle "CBM 189 Extra"]
[Source "ChessBase"]
[SourceDate "2019.06.03"]
[SourceVersion "1"]
[SourceVersionDate "2019.06.03"]
[SourceQuality "1"]
[WhiteTeam "Miami Champions"]
[BlackTeam "Pittsburgh Pawngrabbers"]
[WhiteTeamCountry "USA"]
[BlackTeamCountry "USA"]

1. Nf3 Nf6 2. c4 g6 3. b3 Bg7 4. Bb2 d6 5. d4 0-0 6. e3 e5 7. dxe5 Nfd7 8. Nbd2 dxe5 9. Qc1 b6 10. Be2 Bb7 11. 0-0 e4 12. Nd4 Nc5 13. Bc3 Nbd7 14. Rd1 Ne5 15. Qc2 Ncd3 16. f4 exf3 17. N2xf3 c5 18. Nxe5 Nxe5 19. Ne6 Qe7 20. Nxf8 Qg5 21. e4 Qe3+ 22. Kh1 Rxf8 23. Rac1 Bxe4 24. Qd2 Qf2 25. Bf1 Qh4 26. Qe1 Qf4 27. Bd2 Qf5 28. Be3 Ng4 29. Rd2 Qh5 30. Bf4 Nxh2 31. Kg1 Re8 32. Bxh2 Bd4+ 33. Rxd4 cxd4 34. Qf2 d3 35. Bf4 Qg4 36. Bd2 h5 37. Bc3 Qg5 38. Re1 f5 39. Bxd3 1-0

[Event "PRO League Stage"]
[Site "Chess.com INT"]
[Date "2019.02.07"]
[Round "5"]
[White "Brattain, Mika A"]
[Black "Movsesian, Sergei"]
[Result "0-1"]
[WhiteElo "2411"]
[BlackElo "2629"]
[PlyCount "76"]
[EventDate "2019.01.08"]
[EventType "team-swiss (rapid)"]
[EventRounds "10"]
[EventCountry "USA"]
[SourceTitle "CBM 189 Extra"]
[Source "ChessBase"]
[SourceDate "2019.06.03"]
[SourceVersion "1"]
[SourceVersionDate "2019.06.03"]
[SourceQuality "1"]
[WhiteTeam "Pittsburgh Pawngrabbers"]
[BlackTeam "London Lions"]
[WhiteTeamCountry "USA"]
[BlackTeamCountry "ENG"]

1. d4 Nf6 2. c4 d6 3. Nc3 Nbd7 4. e4 e5 5. Nf3 g6 6. Be2 Bg7 7. 0-0 0-0 8. Qc2 c6 9. Rd1 Qe7 10. b3 exd4 11. Nxd4 Nc5 12. f3 Nh5 13. g4 Nf6 14. Bf4 Nfd7 15. Qd2 Ne5 16. Bg5 Bf6 17. h4 a5 18. Kg2 Bxg5 19. Qxg5 f6 20. Qe3 Be6 21. Kg3 Rfe8 22. f4 Nf7 23. g5 Bd7 24. Bf3 Ne6 25. Nce2 Ng7 26. Qc3 fxg5 27. hxg5 c5 28. Nc2 Bc6 29. Re1 Bxe4 30. Ng1 Nxg5 31. fxg5 Qxg5+ 32. Kf2 Qh4+ 33. Kg2 Bxc2 34. Rxe8+ Rxe8 35. Qxc2 Nf5 36. Bd5+ Kg7 37. Qc3+ Re5 38. Qh3 Qd4 0-1

[Event "USA-ch U20"]
[Site "Saint Louis"]
[Date "2018.07.18"]
[Round "6"]
[White "Bian, Alex"]
[Black "Brattain, Mika A"]
[Result "1-0"]
[WhiteElo "2291"]
[BlackElo "2399"]
[PlyCount "97"]
[EventDate "2018.07.12"]
[EventType "tourn"]
[EventRounds "9"]
[EventCountry "USA"]
[EventCategory "9"]
[SourceTitle "CBM 185 Extra"]
[Source "ChessBase"]
[SourceDate "2018.07.29"]
[SourceVersion "1"]
[SourceVersionDate "2018.07.29"]
[SourceQuality "1"]

1. e4 c5 2. Nf3 d6 3. d4 Nf6 4. Nc3 cxd4 5. Nxd4 a6 6. Bg5 e6 7. f4 Be7 8. Qf3 Qc7 9. 0-0-0 Nbd7 10. f5 e5 11. Nde2 b5 12. Bxf6 Nxf6 13. Nd5 Nxd5 14. exd5 b4 15. Ng3 0-0 16. Bd3 a5 17. Kb1 f6 18. Nh5 Rf7 19. g4 Bd7 20. h4 Raf8 21. Rdg1 Qc5 22. g5 fxg5 23. hxg5 Rxf5 24. Bxf5 Rxf5 25. Qd3 g6 26. Ng3 Rxg5 27. Rf1 Qd4 28. Ne4 Rf5 29. Rc1 Rf4 30. Rhe1 Bh4 31. Re2 Bg4 32. Rh2 Be7 33. Re1 Bf5 34. Qxd4 exd4 35. Nd2 Bf6 36. Nc4 Be5 37. Kc1 Be4 38. Nxe5 dxe5 39. d6 Bc6 40. Rxe5 Rf6 41. Re7 Rxd6 42. Rhxh7 a4 43. Reg7+ Kf8 44. Ra7 Kg8 45. Rhc7 Be8 46. Rc8 Kf8 47. Rxa4 Ke7 48. Rxb4 g5 49. Rcc4 1-0

[Event "PRO League Stage"]
[Site "Chess.com INT"]
[Date "2018.02.24"]
[Round "7"]
[White "Grigoryan, Karen H"]
[Black "Brattain, Mika A"]
[Result "1-0"]
[WhiteElo "2581"]
[BlackElo "2404"]
[PlyCount "55"]
[EventDate "2018.01.18"]
[EventType "team-swiss (rapid)"]
[EventRounds "9"]
[EventCountry "USA"]
[SourceTitle "EXT 2019"]
[Source "ChessBase"]
[SourceDate "2018.10.10"]
[SourceVersion "1"]
[SourceVersionDate "2018.10.10"]
[SourceQuality "1"]
[WhiteTeam "Armenia Eagles"]
[BlackTeam "Pittsburgh Pawngrabbers"]
[WhiteTeamCountry "ARM"]
[BlackTeamCountry "USA"]

1. e4 e5 2. Nc3 Nf6 3. g3 d5 4. exd5 Nxd5 5. Bg2 Nxc3 6. bxc3 Bd6 7. Ne2 0-0 8. 0-0 Nc6 9. Rb1 f5 10. d4 e4 11. f3 exf3 12. Bxf3 Na5 13. c4 c5 14. Bd5+ Kh8 15. c3 Bd7 16. Bf4 Bxf4 17. Nxf4 Qf6 18. Qd3 Bc6 19. Ne6 Bxd5 20. cxd5 c4 21. Qf3 Rf7 22. Rfe1 h6 23. Re5 b6 24. d6 Re8 25. Rbe1 Rg8 26. Qd5 g5 27. d7 f4 28. d8Q 1-0

[Event "PRO League Stage"]
[Site "Chess.com INT"]
[Date "2018.02.14"]
[Round "6"]
[White "Brattain, Mika A"]
[Black "Amin, Bassem"]
[Result "1-0"]
[WhiteElo "2404"]
[BlackElo "2693"]
[PlyCount "47"]
[EventDate "2018.01.18"]
[EventType "team-swiss (rapid)"]
[EventRounds "9"]
[EventCountry "USA"]
[SourceTitle "CBM 182 Extra"]
[Source "ChessBase"]
[SourceDate "2018.02.23"]
[SourceVersion "1"]
[SourceVersionDate "2018.02.23"]
[SourceQuality "1"]
[WhiteTeam "Pittsburgh Pawngrabbers"]
[BlackTeam "Montclair Sopranos"]
[WhiteTeamCountry "USA"]
[BlackTeamCountry "USA"]

1. e4 e5 2. Nf3 Nc6 3. d4 exd4 4. Nxd4 Nf6 5. Nxc6 bxc6 6. e5 Qe7 7. Qe2 Nd5 8. c4 Ba6 9. b3 g6 10. f4 d6 11. Qf2 Nf6 12. Be2 dxe5 13. Ba3 Qe6 14. fxe5 Qxe5 15. 0-0 Bxa3 16. Nxa3 0-0 17. Bf3 Rad8 18. Nc2 c5 19. Ne3 Bc8 20. Rae1 Qc3 21. Nd5 Nxd5 22. Bxd5 Qd4 23. Re7 Rd7 24. Rfe1 1-0

[Event "PRO League Stage"]
[Site "Chess.com INT"]
[Date "2018.01.25"]
[Round "2"]
[White "Castellanos Rodriguez, Renier"]
[Black "Brattain, Mika A"]
[Result "0-1"]
[WhiteElo "2501"]
[BlackElo "2404"]
[PlyCount "70"]
[EventDate "2018.01.18"]
[EventType "team-swiss (rapid)"]
[EventRounds "9"]
[EventCountry "USA"]
[SourceTitle "CBM 182 Extra"]
[Source "ChessBase"]
[SourceDate "2018.02.23"]
[SourceVersion "1"]
[SourceVersionDate "2018.02.23"]
[SourceQuality "1"]
[WhiteTeam "Montreal ChessBrahs"]
[BlackTeam "Pittsburgh Pawngrabbers"]
[WhiteTeamCountry "CAN"]
[BlackTeamCountry "USA"]

1. d4 d5 2. Nf3 Nf6 3. c4 e6 4. g3 Be7 5. Bg2 0-0 6. b3 Nbd7 7. 0-0 c6 8. Nc3 b6 9. Bb2 Ba6 10. Qd3 c5 11. Nb5 dxc4 12. bxc4 Bb7 13. Rfd1 a6 14. Nc3 cxd4 15. Nxd4 Bxg2 16. Kxg2 Qc7 17. Nf3 Rac8 18. Ne4 Qxc4 19. Bxf6 Nxf6 20. Nxf6+ Bxf6 21. Rab1 b5 22. Qa3 Qxe2 23. Qxa6 Rc3 24. Qb7 e5 25. Rd2 Qc4 26. Qxb5 e4 27. Ne5 Qe6 28. Nd7 Rfc8 29. Qd5 Qg4 30. Nxf6+ gxf6 31. Rb7 Qg6 32. Re2 f5 33. Rb5 Qg4 34. Rd2 Qf3+ 35. Kh3 R3c6 0-1

[Event "PRO League Stage"]
[Site "Chess.com INT"]
[Date "2018.01.25"]
[Round "2"]
[White "Hambleton, Aman"]
[Black "Brattain, Mika A"]
[Result "1-0"]
[WhiteElo "2501"]
[BlackElo "2404"]
[PlyCount "67"]
[EventDate "2018.01.18"]
[EventType "team-swiss (rapid)"]
[EventRounds "9"]
[EventCountry "USA"]
[SourceTitle "CBM 182 Extra"]
[Source "ChessBase"]
[SourceDate "2018.02.23"]
[SourceVersion "1"]
[SourceVersionDate "2018.02.23"]
[SourceQuality "1"]
[WhiteTeam "Montreal ChessBrahs"]
[BlackTeam "Pittsburgh Pawngrabbers"]
[WhiteTeamCountry "CAN"]
[BlackTeamCountry "USA"]

1. d4 d5 2. Bf4 Nf6 3. e3 c5 4. Nf3 Nc6 5. Nbd2 cxd4 6. exd4 Qb6 7. Nb3 Bg4 8. Be2 e6 9. 0-0 Be7 10. h3 Bh5 11. a4 a5 12. g4 Bg6 13. Ne5 Nxe5 14. dxe5 Nd7 15. Bb5 Qc7 16. c4 dxc4 17. Rc1 Be4 18. Rxc4 Bc6 19. Nd4 Nc5 20. Bxc6+ bxc6 21. Qf3 Rc8 22. Rfc1 Qd7 23. Qc3 Ne4 24. Qe3 Nc5 25. Rxc5 Bxc5 26. Rxc5 0-0 27. Qc3 Rcd8 28. Be3 f6 29. Qc4 Rde8 30. Rxc6 Rc8 31. Qxe6+ Qxe6 32. Rxe6 Kf7 33. exf6 gxf6 34. Ra6 1-0

[Event "North American op 27th"]
[Site "Las Vegas"]
[Date "2017.12.29"]
[Round "8"]
[White "Aaron, Deepak"]
[Black "Brattain, Mika A"]
[Result "1/2-1/2"]
[WhiteElo "2307"]
[BlackElo "2404"]
[PlyCount "121"]
[EventDate "2017.12.26"]
[EventType "swiss"]
[EventRounds "9"]
[EventCountry "USA"]
[SourceTitle "CBM 182 Extra"]
[Source "ChessBase"]
[SourceDate "2018.02.23"]
[SourceVersion "1"]
[SourceVersionDate "2018.02.23"]
[SourceQuality "1"]

1. e4 c6 2. d4 d5 3. Nc3 dxe4 4. Nxe4 Nf6 5. Nxf6+ exf6 6. c3 Bd6 7. Be3 0-0 8. Bd3 Re8 9. Ne2 Nd7 10. Qc2 Nf8 11. 0-0 Qc7 12. h3 Be6 13. c4 Qd7 14. Nf4 Bxf4 15. Bxf4 Qxd4 16. Be3 Qd6 17. Rfd1 Qc7 18. b4 a5 19. a3 Ng6 20. Bc5 Kh8 21. Bxg6 fxg6 22. Bd6 Qf7 23. Rac1 axb4 24. Bxb4 Rad8 25. Rxd8 Rxd8 26. Qe4 h6 27. Ba5 Rd7 28. h4 c5 29. Qe3 Rd4 30. Re1 Bxc4 31. Qe8+ Qxe8 32. Rxe8+ Kh7 33. Bb6 Rxh4 34. Bxc5 Bd5 35. Bf8 Re4 36. Rxe4 Bxe4 37. Bb4 Kg8 38. Bc3 Kf7 39. Bb4 g5 40. Kh2 h5 41. Bd2 Ke6 42. Kg3 Kf5 43. Be3 b5 44. Bc5 Kg6 45. Bd4 Bc6 46. Bc5 f5 47. Bd6 f4+ 48. Kh2 Kf5 49. Bf8 g6 50. Kh3 g4+ 51. Kh2 Bxg2 52. Kxg2 h4 53. Be7 h3+ 54. Kh2 Ke4 55. Bc5 Kf3 56. Bd6 g5 57. Bc5 Ke2 58. Bb6 Kf1 59. Bc5 Ke2 60. Bb6 Kf3 61. Bc5 1/2-1/2

[Event "Dayton Wright Brothers op 5th"]
[Site "Dayton"]
[Date "2017.10.14"]
[Round "2"]
[White "Brattain, Mika A"]
[Black "Parasuraman, Surya"]
[Result "1-0"]
[WhiteElo "2380"]
[BlackElo "1943"]
[PlyCount "77"]
[EventDate "2017.10.13"]
[EventType "swiss"]
[EventRounds "5"]
[EventCountry "USA"]
[SourceTitle "CBM 181 Extra"]
[Source "ChessBase"]
[SourceDate "2017.12.12"]
[SourceVersion "1"]
[SourceVersionDate "2017.12.12"]
[SourceQuality "1"]

1. d4 Nf6 2. c4 g6 3. Nc3 d5 4. cxd5 Nxd5 5. e4 Nxc3 6. bxc3 Bg7 7. Nf3 c5 8. Be3 0-0 9. Be2 Qa5 10. 0-0 Rd8 11. Qc2 Nc6 12. d5 Ne5 13. Nxe5 Bxe5 14. Rac1 f5 15. f4 Bg7 16. e5 Bd7 17. c4 Rac8 18. Rb1 Ba4 19. Qb2 Rc7 20. Qa3 a6 21. Bd1 b5 22. Bxa4 bxa4 23. Rb2 Rcc8 24. Rfb1 Rd7 25. Bd2 Qc7 26. Qxa4 Qa7 27. Rb6 Qc7 28. Qxa6 Re8 29. Rb7 Qc8 30. Qe6+ Kf8 31. Qxd7 Qxd7 32. Rxd7 Ra8 33. Be3 g5 34. Bxc5 gxf4 35. Rxe7 Kg8 36. Ra7 Rc8 37. Bd6 Rxc4 38. Rb8+ Bf8 39. Rxf8# 1-0

[Event "Dayton Wright Brothers op 5th"]
[Site "Dayton"]
[Date "2017.10.14"]
[Round "3"]
[White "Liu, Aristo S"]
[Black "Brattain, Mika A"]
[Result "0-1"]
[WhiteElo "2106"]
[BlackElo "2380"]
[PlyCount "90"]
[EventDate "2017.10.13"]
[EventType "swiss"]
[EventRounds "5"]
[EventCountry "USA"]
[SourceTitle "CBM 181 Extra"]
[Source "ChessBase"]
[SourceDate "2017.12.12"]
[SourceVersion "1"]
[SourceVersionDate "2017.12.12"]
[SourceQuality "1"]

1. e4 c6 2. d4 d5 3. exd5 cxd5 4. c4 Nf6 5. Nc3 Nc6 6. Nf3 g6 7. c5 Bg7 8. Be2 0-0 9. 0-0 Ne4 10. Bf4 Bg4 11. Be3 b6 12. cxb6 Nxc3 13. bxc3 axb6 14. h3 Bxf3 15. Bxf3 Na5 16. Re1 e6 17. Be2 Qc7 18. Qc2 Rfc8 19. Rec1 Nc4 20. a4 Nxe3 21. fxe3 e5 22. Qd2 Bh6 23. Bb5 exd4 24. cxd4 Qg3 25. Re1 Ra7 26. Qf2 Qxf2+ 27. Kxf2 Re7 28. Ra2 Rc3 29. Rae2 f5 30. g3 Kf8 31. h4 Re4 32. Ba6 Ke7 33. Bb7 Kd6 34. Ba6 Rb3 35. Bb5 Ra3 36. Rc2 Bxe3+ 37. Rxe3 Rexe3 38. Rc6+ Ke7 39. Rxb6 Rf3+ 40. Ke2 Rxg3 41. Rb7+ Kf6 42. Rxh7 Ra2+ 43. Kf1 Rc3 44. Kg1 Rc1+ 45. Bf1 Raa1 0-1

[Event "USA-ch U20"]
[Site "Saint Louis"]
[Date "2017.07.12"]
[Round "5"]
[White "Liang, Awonder"]
[Black "Brattain, Mika A"]
[Result "1-0"]
[WhiteElo "2536"]
[BlackElo "2364"]
[PlyCount "73"]
[EventDate "2017.07.08"]
[EventType "tourn"]
[EventRounds "9"]
[EventCountry "USA"]
[EventCategory "8"]
[SourceTitle "CBM 179 Extra"]
[Source "ChessBase"]
[SourceDate "2017.08.23"]
[SourceVersion "1"]
[SourceVersionDate "2017.08.23"]
[SourceQuality "1"]

1. e4 c6 2. Nc3 d5 3. Nf3 dxe4 4. Nxe4 Nf6 5. Qe2 Nxe4 6. Qxe4 Qd5 7. Qh4 Qe6+ 8. Be2 Qg4 9. Qg3 Qxg3 10. hxg3 Bf5 11. b3 Nd7 12. Bb2 h6 13. 0-0-0 e6 14. Rde1 Rg8 15. Nh4 Bh7 16. Bh5 Ke7 17. Re3 Nf6 18. Bxf6+ gxf6 19. g4 Rg5 20. f4 Ra5 21. Kb1 Rd5 22. d3 Rd7 23. f5 e5 24. Nf3 Kd8 25. Nd2 Bc5 26. Rf3 Ke7 27. Ne4 Bb6 28. Bxf7 Kxf7 29. Rxh6 Bg8 30. Rxf6+ Ke7 31. Rh6 Rf8 32. g5 Bd5 33. f6+ Ke8 34. g6 Bd8 35. f7+ Bxf7 36. gxf7+ Ke7 37. Rhf6 1-0

[Event "USA-ch U20"]
[Site "Saint Louis"]
[Date "2017.07.10"]
[Round "3"]
[White "Brown, Michael William"]
[Black "Brattain, Mika A"]
[Result "1/2-1/2"]
[WhiteElo "2508"]
[BlackElo "2364"]
[PlyCount "69"]
[EventDate "2017.07.08"]
[EventType "tourn"]
[EventRounds "9"]
[EventCountry "USA"]
[EventCategory "8"]
[SourceTitle "CBM 179 Extra"]
[Source "ChessBase"]
[SourceDate "2017.08.23"]
[SourceVersion "1"]
[SourceVersionDate "2017.08.23"]
[SourceQuality "1"]

1. d4 Nf6 2. c4 g6 3. Nc3 Bg7 4. e4 d6 5. Nf3 0-0 6. Be2 e5 7. Be3 Ng4 8. Bg5 f6 9. Bh4 g5 10. Bg3 Nh6 11. d5 Nd7 12. Nd2 f5 13. exf5 Nf6 14. Nde4 Nxe4 15. Nxe4 Bxf5 16. Bd3 g4 17. 0-0 Bxe4 18. Bxe4 Qg5 19. Qd3 Nf5 20. f3 Nxg3 21. hxg3 gxf3 22. Bxh7+ Kh8 23. Be4 Qxg3 24. Rxf3 Rxf3 25. Qxf3 Qxf3 26. Bxf3 Rf8 27. Re1 Bh6 28. Be4 Bf4 29. g4 Kg7 30. Rf1 Be3+ 31. Kg2 Rxf1 32. Kxf1 Kf6 33. Ke2 Bd4 34. b3 Kg5 35. Kf3 1/2-1/2

[Event "PRO League Atlantic"]
[Site "Chess.com INT"]
[Date "2017.01.11"]
[Round "1"]
[White "Aguilar, Andres"]
[Black "Brattain, Mika A"]
[Result "1/2-1/2"]
[WhiteElo "2291"]
[BlackElo "2376"]
[PlyCount "154"]
[EventDate "2017.01.11"]
[EventType "team-swiss (rapid)"]
[EventRounds "7"]
[EventCountry "USA"]
[SourceTitle "CBM 176 Extra"]
[Source "ChessBase"]
[SourceDate "2017.03.02"]
[SourceVersion "1"]
[SourceVersionDate "2017.03.02"]
[SourceQuality "1"]
[WhiteTeam "Patagonia Penguins"]
[BlackTeam "Columbus Cardinals"]
[WhiteTeamCountry "ARG"]
[BlackTeamCountry "USA"]

1. c4 g6 2. Nc3 Bg7 3. g3 Nf6 4. Bg2 0-0 5. Nf3 b6 6. 0-0 Bb7 7. Re1 Ne4 8. Nxe4 Bxe4 9. d3 Bb7 10. e4 c5 11. d4 cxd4 12. Nxd4 Nc6 13. Be3 Rc8 14. Rc1 d6 15. b3 Qc7 16. Nb5 Qb8 17. Qd2 Rfd8 18. h3 a6 19. Nc3 b5 20. cxb5 axb5 21. Nxb5 Ba6 22. Nd4 Ne5 23. Rxc8 Rxc8 24. Rc1 Rxc1+ 25. Qxc1 Bb7 26. Qc2 h5 27. a4 Bf6 28. b4 Qa8 29. b5 h4 30. g4 g5 31. Nf5 Ng6 32. Qc7 Bxe4 33. Bxe4 Qxe4 34. Qc6 Qxa4 35. Qe8+ Nf8 36. Nh6+ Kg7 37. Nf5+ Kg8 38. Nxe7+ Bxe7 39. Qxe7 Qxb5 40. Bxg5 Qd3 41. Bxh4 Qxh3 42. Qg5+ Ng6 43. Bg3 d5 44. Qd8+ Kg7 45. Qxd5 Qxg4 46. Kf1 Qh3+ 47. Kg1 Qg4 48. Kf1 Qe6 49. Qd4+ Qf6 50. Qxf6+ Kxf6 51. Kg2 Kf5 52. Kf3 Ne7 53. Ke3 Nd5+ 54. Kf3 Nf6 55. Bh4 Ne4 56. Be7 Nd2+ 57. Ke2 Nc4 58. Bd8 Ke4 59. f3+ Kd5 60. Bc7 Kc6 61. Bf4 Nb6 62. Kd3 Kd5 63. Bg5 Nd7 64. Ke2 Ke5 65. Kf2 Kf5 66. Bd2 Ne5 67. Kg3 Nd3 68. Bc3 Nf4 69. Kf2 Nh3+ 70. Ke3 Ng5 71. Be1 Ne6 72. Bg3 f6 73. Bh4 Ng7 74. Bxf6 Kxf6 75. f4 Kf5 76. Kd2 Nh5 77. Kc2 Nxf4 1/2-1/2

[Event "Titled Tuesday intern op 6th Dec 2pm"]
[Site "Chess.com INT"]
[Date "2017.01.03"]
[Round "3"]
[White "Nakamura, Hikaru"]
[Black "Brattain, Mika A"]
[Result "1-0"]
[WhiteElo "2785"]
[BlackElo "2376"]
[PlyCount "114"]
[EventDate "2017.12.06"]
[EventType "swiss (blitz)"]
[EventRounds "9"]
[EventCountry "USA"]
[SourceTitle "EXT 2021"]
[Source "ChessBase"]
[SourceDate "2020.10.23"]
[SourceVersion "1"]
[SourceVersionDate "2020.10.23"]
[SourceQuality "1"]

1. b3 e5 2. Bb2 Nc6 3. g3 d5 4. Bg2 Be6 5. e3 Qd7 6. d3 Bd6 7. a3 Nge7 8. Nd2 0-0 9. b4 Rae8 10. c4 dxc4 11. dxc4 Ng6 12. c5 Be7 13. h4 Bf6 14. Ne4 Qxd1+ 15. Rxd1 Rd8 16. h5 Nge7 17. Nxf6+ gxf6 18. Ne2 Rxd1+ 19. Kxd1 Bb3+ 20. Kc1 Rd8 21. Nc3 h6 22. Ne4 Kg7 23. Nd2 Bd5 24. e4 Be6 25. f4 Bg4 26. Nf3 Rd3 27. fxe5 Bxf3 28. exf6+ Kf8 29. fxe7+ Nxe7 30. Bxf3 Rxf3 31. Rd1 Nc6 32. g4 Ke7 33. g5 hxg5 34. Rh1 g4 35. h6 g3 36. Rg1 g2 37. Rxg2 Rh3 38. Bg7 Ke6 39. Rf2 Ne5 40. Bxe5 Kxe5 41. Rxf7 Rxh6 42. Rxc7 Kxe4 43. Rxb7 Kd3 44. Rxa7 Rh1+ 45. Kb2 Kc4 46. Rg7 Rh2+ 47. Kc1 Rh3 48. Ra7 Kc3 49. Kd1 Kd3 50. Ke1 Kc4 51. c6 Rh6 52. c7 Rc6 53. Rb7 Kb3 54. b5 Rc1+ 55. Kf2 Ka4 56. b6 Ka5 57. Rb8 Ka6 1-0

[Event "Ohio Congress"]
[Site "Columbus"]
[Date "2016.09.05"]
[Round "6"]
[White "Baker, Vincent J"]
[Black "Brattain, Mika A"]
[Result "0-1"]
[WhiteElo "2152"]
[BlackElo "2465"]
[PlyCount "96"]
[EventDate "2016.09.02"]
[EventType "swiss"]
[EventRounds "7"]
[EventCountry "USA"]
[SourceTitle "EXT 2023"]
[Source "ChessBase"]
[SourceDate "2022.10.05"]
[SourceVersion "1"]
[SourceVersionDate "2022.10.05"]
[SourceQuality "1"]

1. e4 e5 2. Nf3 Nc6 3. Bb5 Nge7 4. 0-0 g6 5. c3 a6 6. Ba4 Bg7 7. d4 exd4 8. cxd4 0-0 9. Bg5 h6 10. Be3 b5 11. Bb3 Na5 12. Nbd2 Nxb3 13. Qxb3 d6 14. Rac1 c6 15. Rfd1 Be6 16. Qc2 Rc8 17. e5 Nd5 18. a3 c5 19. Qe4 dxe5 20. dxe5 Bf5 21. Qh4 Nxe3 22. fxe3 Qxh4 23. Nxh4 Bd3 24. Nhf3 c4 25. Kf2 g5 26. h3 f6 27. e6 f5 28. Nd4 Rfe8 29. N2f3 Be4 30. Re1 Rcd8 31. Rcd1 Bf6 32. g4 fxg4 33. hxg4 h5 34. gxh5 g4 35. Nd2 Bh4+ 36. Kg1 Bd3 37. Rf1 Bxf1 38. Rxf1 Bg5 39. Kf2 Rxd4 40. exd4 Bxd2 41. Rd1 Bf4 42. Rg1 g3+ 43. Kf3 Bd6 44. d5 Rf8+ 45. Kg4 Rf4+ 46. Kxg3 Rf1+ 47. Kg2 Rxg1+ 48. Kxg1 Bxa3 0-1

[Event "USA tt"]
[Site "ICC INT"]
[Date "2015.10.20"]
[Round "9"]
[White "Izoria, Zviad"]
[Black "Brattain, Mika A"]
[Result "1-0"]
[WhiteElo "2573"]
[BlackElo "2336"]
[PlyCount "69"]
[EventDate "2015.08.25"]
[EventType "team-swiss"]
[EventRounds "10"]
[EventCountry "USA"]
[SourceTitle "EXT 2017"]
[Source "ChessBase"]
[SourceDate "2016.10.25"]
[SourceVersion "1"]
[SourceVersionDate "2016.10.25"]
[SourceQuality "1"]
[WhiteTeam "Manhattan"]
[BlackTeam "New England"]
[WhiteTeamCountry "USA"]
[BlackTeamCountry "USA"]

1. d4 d5 2. Bf4 Nf6 3. e3 e6 4. Nd2 c5 5. c3 Nc6 6. Ngf3 Bd6 7. Bg3 0-0 8. Bd3 b6 9. Ne5 Bb7 10. f4 Ne7 11. Qb1 g6 12. Bf2 a5 13. 0-0 Ba6 14. Bh4 Nd7 15. Bxa6 Rxa6 16. e4 f5 17. exd5 exd5 18. Qd3 Nb8 19. Nc6 Nbxc6 20. Qxa6 cxd4 21. Nb3 dxc3 22. bxc3 Qc7 23. g3 Ba3 24. Rad1 Kf7 25. Rfe1 Rd8 26. Qb5 Rd7 27. Kg2 Na7 28. Qe2 Nac6 29. Qe6+ Kf8 30. Qf6+ Kg8 31. Qe6+ Kf8 32. Bg5 Rd6 33. Bh6+ Ke8 34. Qg8+ Kd7 35. Qxh7 1-0

[Event "Titled Tuesday intern op 1st Sept"]
[Site "Chess.com INT"]
[Date "2015.09.01"]
[Round "2"]
[White "Raptis, Nick"]
[Black "Brattain, Mika A"]
[Result "0-1"]
[WhiteElo "2273"]
[BlackElo "2336"]
[PlyCount "120"]
[EventDate "2015.09.01"]
[EventType "swiss (blitz)"]
[EventRounds "9"]
[EventCountry "USA"]
[SourceTitle "EXT 2021"]
[Source "ChessBase"]
[SourceDate "2020.10.23"]
[SourceVersion "1"]
[SourceVersionDate "2020.10.23"]
[SourceQuality "1"]

1. d4 d5 2. Nc3 c6 3. e4 dxe4 4. Nxe4 Bf5 5. Ng3 Bg6 6. Nf3 Nd7 7. h4 h6 8. Bd3 Bxd3 9. Qxd3 e6 10. Bf4 Ngf6 11. 0-0-0 Be7 12. Ne4 Nxe4 13. Qxe4 Nf6 14. Qe2 Qd5 15. Kb1 Qe4 16. Qd2 0-0 17. Rde1 Qf5 18. Ne5 Nd5 19. Be3 Bb4 20. Qe2 Bxe1 21. Rxe1 Qe4 22. g4 Nxe3 23. fxe3 Rad8 24. g5 Qxh4 25. gxh6 g6 26. Rf1 Qxh6 27. Ng4 Qg5 28. Qf3 Kg7 29. Nf6 Qf5 30. Qh1 Qxf6 31. Rxf6 Kxf6 32. a4 Ke7 33. a5 a6 34. Qe1 Kd7 35. Qb4 Kc8 36. Qe7 Rde8 37. Qd6 g5 38. b4 g4 39. c4 Rg8 40. Qg3 f6 41. Kc2 f5 42. Kb3 Re7 43. b5 cxb5 44. cxb5 axb5 45. Kb4 Rd7 46. Kxb5 Rgd8 47. Kb6 Rd6+ 48. Kc5 Rd5+ 49. Kb4 R8d6 50. Qh4 Ra6 51. Qe7 Rdxa5 52. Kc4 Kb8 53. Kd3 Ka7 54. Ke2 Ra2+ 55. Kd3 R6a3+ 56. Kc4 Rc2+ 57. Kb4 Ra6 58. Qf6 g3 59. Qg5 g2 60. Kb3 Ra1 0-1

[Event "US Open-116"]
[Site "Phoenix"]
[Date "2015.08.04"]
[Round "4"]
[White "Tang, Andrew"]
[Black "Brattain, Mika A"]
[Result "1-0"]
[WhiteElo "1493"]
[BlackElo "2336"]
[PlyCount "69"]
[EventDate "2015.08.01"]
[EventType "swiss"]
[EventRounds "9"]
[EventCountry "USA"]
[SourceTitle "CBM 167 Extra"]
[Source "ChessBase"]
[SourceDate "2015.09.14"]
[SourceVersion "1"]
[SourceVersionDate "2015.09.14"]
[SourceQuality "1"]

1. d4 Nf6 2. c4 c5 3. d5 e5 4. Nc3 d6 5. e4 Be7 6. g3 0-0 7. Bg2 Ne8 8. Nge2 Na6 9. 0-0 Bd7 10. Be3 Nec7 11. f4 Bf6 12. a4 Nb4 13. Qd2 b6 14. f5 a6 15. h4 Rb8 16. Kh2 b5 17. b3 bxc4 18. bxc4 Na8 19. a5 Qe8 20. Ng1 Bd8 21. Nf3 f6 22. g4 Bc7 23. Ra3 Qd8 24. Rfa1 Kf7 25. g5 Qe7 26. h5 Ke8 27. Bh3 Qf7 28. g6 hxg6 29. fxg6 Qe7 30. Nh4 Rh8 31. h6 Bxh3 32. Kxh3 gxh6 33. Nf5 Qd7 34. g7 Rg8 35. Rg1 1-0